|
|
|
|
| LEADER |
01366nam a2200361 a 4500 |
| 001 |
EBC1215613 |
| 003 |
MiAaPQ |
| 005 |
20200520144314.0 |
| 006 |
m o d | |
| 007 |
cr cn||||||||| |
| 008 |
130716s2007 gw sb 000 0 eng d |
| 020 |
|
|
|z 9783110327984
|
| 020 |
|
|
|a 9783110328288 (electronic bk.)
|
| 035 |
|
|
|a (MiAaPQ)EBC1215613
|
| 035 |
|
|
|a (Au-PeEL)EBL1215613
|
| 035 |
|
|
|a (CaPaEBR)ebr10728829
|
| 035 |
|
|
|a (CaONFJC)MIL503657
|
| 035 |
|
|
|a (OCoLC)851972157
|
| 040 |
|
|
|a MiAaPQ
|c MiAaPQ
|d MiAaPQ
|
| 050 |
|
4 |
|a HF1359
|b .G73 2007
|
| 100 |
1 |
|
|a Graupe, Silja.
|
| 245 |
1 |
4 |
|a The Basho of economics
|h [electronic resource] :
|b an intercultural analysis of the process of economics /
|c Silja Graupe ; translated and introduced by Roger Gathman.
|
| 260 |
|
|
|a Heusenstamm [Germany] :
|b ontos,
|c 2007.
|
| 300 |
|
|
|a xxiii, 325 p.
|
| 440 |
|
0 |
|a Process thought ;
|v v. 15
|
| 504 |
|
|
|a Includes bibliographical references.
|
| 533 |
|
|
|a Electronic reproduction. Ann Arbor, MI : ProQuest, 2015. Available via World Wide Web. Access may be limited to ProQuest affiliated libraries.
|
| 650 |
|
0 |
|a International economic relations.
|
| 650 |
|
0 |
|a Economics.
|
| 655 |
|
4 |
|a Electronic books.
|
| 700 |
1 |
|
|a Gathman, Roger.
|
| 710 |
2 |
|
|a ProQuest (Firm)
|
| 856 |
4 |
0 |
|u https://ebookcentral.proquest.com/lib/matrademy/detail.action?docID=1215613
|z Click to View
|